Prólogos con un prólogo de prólogos /
Zapisane w:
| 1. autor: | |
|---|---|
| Format: | Nieznany |
| Język: | Spanish |
| Wydane: |
Buenos Aires, Argentina :
Torres Aguero Editor,
1975.
|
| Wydanie: | 1a edición |
| Hasła przedmiotowe: | |
| Etykiety: |
Dodaj etykietę
Nie ma etykietki, Dołącz pierwszą etykiete!
|
MARC
| LEADER | 000000000a22000000004500 | ||
|---|---|---|---|
| 001 | 014274 | ||
| 041 | 0 | |a spa | |
| 082 | 0 | 4 | |a Ar863.4 |b B732pg |
| 100 | 1 | |a Borges, Jorge Luis, |d 1899-1986 | |
| 245 | 1 | 0 | |a Prólogos con un prólogo de prólogos / |c Jorge Luis Borges. |
| 250 | |a 1a edición | ||
| 260 | 1 | |a Buenos Aires, Argentina : |b Torres Aguero Editor, |c 1975. | |
| 300 | |a 174 páginas | ||
| 650 | 4 | |a LITERATURA ARGENTINA | |
| 650 | 4 | |a PROSA | |
| 500 | |a Colección George Yúdice | ||
| 999 | |c 20168 |d 20168 | ||
| 942 | |c BK |h Ar863.4 B732pg |2 z | ||
